<?xml version="1.0" encoding="UTF-8"?><?xml-stylesheet type="text/xsl" href="static/style.xsl"?><OAI-PMH xmlns="http://www.openarchives.org/OAI/2.0/" xmlns:xsi="http://www.w3.org/2001/XMLSchema-instance" xsi:schemaLocation="http://www.openarchives.org/OAI/2.0/ http://www.openarchives.org/OAI/2.0/OAI-PMH.xsd"><responseDate>2026-06-05T19:12:05Z</responseDate><request verb="GetRecord" identifier="oai:riuma.uma.es:10630/6182" metadataPrefix="marc">https://riuma.uma.es/rest/oai/request</request><GetRecord><record><header><identifier>oai:riuma.uma.es:10630/6182</identifier><datestamp>2026-02-03T12:24:55Z</datestamp><setSpec>com_10630_2254</setSpec><setSpec>col_10630_37959</setSpec></header><metadata><record xmlns="http://www.loc.gov/MARC21/slim" xmlns:dcterms="http://purl.org/dc/terms/" xmlns:doc="http://www.lyncode.com/xoai" xmlns:xsi="http://www.w3.org/2001/XMLSchema-instance" xsi:schemaLocation="http://www.loc.gov/MARC21/slim http://www.loc.gov/standards/marcxml/schema/MARC21slim.xsd">
   <leader>00925njm 22002777a 4500</leader>
   <datafield ind2=" " ind1=" " tag="042">
      <subfield code="a">dc</subfield>
   </datafield>
   <datafield ind2=" " ind1=" " tag="720">
      <subfield code="a">Medina-Torres, Miguel Ángel</subfield>
      <subfield code="e">author</subfield>
   </datafield>
   <datafield ind2=" " ind1=" " tag="720">
      <subfield code="a">Rodríguez-Quesada, Ana María</subfield>
      <subfield code="e">author</subfield>
   </datafield>
   <datafield ind2=" " ind1=" " tag="720">
      <subfield code="a">Cárdenas García, Casimiro</subfield>
      <subfield code="e">author</subfield>
   </datafield>
   <datafield ind2=" " ind1=" " tag="260">
      <subfield code="c">2013-09-04</subfield>
   </datafield>
   <datafield ind2=" " ind1=" " tag="520">
      <subfield code="a">Although epidemiological studies indicate that coffee consumption is associated with a low incidence of several kinds of cancer, there are still few studies on the anti-tumoral effects of pure bioactive compounds isolated from coffee. The present study aims to identify the modulatory effects of kahweol, an antioxidant diterpene contained in unfiltered coffee, on a panel of human tumor cell lines. Kahweol inhibits tumor cell proliferation and clonogenicity and induces apoptosis in several kinds of human tumor cells, with a special incidence on the estrogen receptor-negative MDA-MB231 human breast cancer cells. In these breast cancer cells, the mentioned effects are accompanied by caspases 3/7 and 9 activation and cytochrome c release, both consistent with an activation of the intrinsic pathway of apoptosis. Kahweol also increases the phosphorylation levels of protein kinase B (AKT) and extracellular-signal-regulated kinase (ERK) observed in MDA-MB-231 cells. We also demonstrate the inhibitory effect of kahweol on the MDA-MB231 cell potential to migrate and to remodel extracellular matrix by targeting matrix metalloproteinase-9 and urokinase-type plasminogen activator, two key molecules involved in this process. Taken together, our data suggest that, indeed, kahweol behaves as an antitumor compound, especially against MDA-MB231 breast cancer cells.</subfield>
   </datafield>
   <datafield ind1="8" ind2=" " tag="024">
      <subfield code="a">Libro de Resúmenes online del XXXVI Congreso SEBBM</subfield>
   </datafield>
   <datafield ind1="8" ind2=" " tag="024">
      <subfield code="a">http://hdl.handle.net/10630/6182</subfield>
   </datafield>
   <datafield tag="653" ind2=" " ind1=" ">
      <subfield code="a">Mamas - Cáncer</subfield>
   </datafield>
   <datafield tag="653" ind2=" " ind1=" ">
      <subfield code="a">Café</subfield>
   </datafield>
   <datafield ind2="0" ind1="0" tag="245">
      <subfield code="a">The coffee diterpene kahweol is an antitumoral compound for human estrogen receptor-negative breast cancer cells</subfield>
   </datafield>
</record>
</metadata></record></GetRecord></OAI-PMH>